000 00927nas a2200277 4500
001 BR9804596
003 BR-BrBNA
005 20231205101109.0
007 ta
008 230509b bl.|||p| |||| 00| 00por d
040 _aBR-BrBNA
_bpor
_cBiblioteca Nacional de Agricultura
041 _a(Pt)
072 _aL10
100 1 _aValente, E.P.
100 1 _aGuimaraes, S.E.F.
100 1 _aOliveira, D.A.A.
100 1 _aPinheiro, L.E.L.
245 1 _aFrequencia dos alelos do gene da k-caseina em populacao selecionada, nao selecionada e em touros de Central de Inseminacao Artificial de animais da raca Gir
650 _aBovino
650 _aInseminacao Artificial
650 _aGene
650 _aCaseina
773 0 _tArquivo Brasileiro de Medicina Veterinaria e Zootecnia (Brazil)
_xISSN 0102-0935
_g(Apr 1998), v. 50(2) p. 185-189
_wBR9804596
909 _a202311
_bLúcia
_c55
_dLúcia Elande
942 _2AGRIS
_n0
_cANA
999 _c159705
_d159705